Proč zavádět systém managementu jakosti na univerzitní pracovistě

Zavádzanie systému riadenia kvality na univerzitnom pracovisku. Zásady riadenia kvality. Dôvody zavedenia systému riadenia, ktorý vyhovuje norme ISO 9001. Pokus o zdôvodnenie toho, prečo sa Fakulta elektrotechniky a informatiky VŠB - Technickej univerzity v Ostrave rozhodla zaviesť systém riadenia k...

Descrizione completa

Salvato in:
Dettagli Bibliografici
Autore principale: Vondrák, Ivo
Natura: Capitolo di libro
Lingua:ceco
Soggetti:
Tags: Aggiungi Tag
Nessun Tag, puoi essere il primo ad aggiungerne!!

MARC

LEADER 00000naa$a2200000$$$4500
001 0037230
005 20230919104332.6
041 0 |a cze 
044 |a CZ 
245 1 0 |a Proč zavádět systém managementu jakosti na univerzitní pracovistě  |c Ivo Vondrák 
520 |a Zavádzanie systému riadenia kvality na univerzitnom pracovisku. Zásady riadenia kvality. Dôvody zavedenia systému riadenia, ktorý vyhovuje norme ISO 9001. Pokus o zdôvodnenie toho, prečo sa Fakulta elektrotechniky a informatiky VŠB - Technickej univerzity v Ostrave rozhodla zaviesť systém riadenia kvality na akademickej pôde. 
610 2 0 |a systém riadenia kvality 
610 2 0 |a ISO 9001 
610 2 0 |a univerzity 
610 2 0 |a Česko 
610 2 0 |a VŠB Technická univerzita Ostrava 
100 1 |a Vondrák, Ivo